|
|
|
|
| LEADER |
00000cam a22000004a 4500 |
| 001 |
musev2_19871 |
| 003 |
MdBmJHUP |
| 005 |
20230905042128.0 |
| 006 |
m o d |
| 007 |
cr||||||||nn|n |
| 008 |
120702s2013 mau o 00 0 eng d |
| 010 |
|
|
|z 2021695138
|
| 020 |
|
|
|a 9781611683653
|
| 020 |
|
|
|z 9781611683639
|
| 020 |
|
|
|z 9781611683646
|
| 035 |
|
|
|a (OCoLC)820933176
|
| 040 |
|
|
|a MdBmJHUP
|c MdBmJHUP
|
| 100 |
1 |
|
|a Weiss, Susan M.
|
| 245 |
1 |
0 |
|a Marriage and Divorce in the Jewish State :
|b Israel's Civil War
|
| 264 |
|
1 |
|a Waltham, Massachusetts :
|b Brandeis University Press,
|c 2013.
|
| 264 |
|
3 |
|a Baltimore, Md. :
|b Project MUSE,
|c 2012
|
| 264 |
|
4 |
|c ©2013.
|
| 300 |
|
|
|a 1 online resource (218 pages).
|
| 336 |
|
|
|a text
|b txt
|2 rdacontent
|
| 337 |
|
|
|a computer
|b c
|2 rdamedia
|
| 338 |
|
|
|a online resource
|b cr
|2 rdacarrier
|
| 490 |
0 |
|
|a HBI series on jewish women
|
| 490 |
0 |
|
|a Brandeis series on gender, culture, religion, and law
|
| 505 |
0 |
|
|a The clueless agunah -- The scarlet agunah -- The ping-pong agunah -- The accidental agunah -- The agunah pawn -- The reluctant agunah -- Human rights violations in Israeli rabbinic courts.
|
| 520 |
|
|
|a A comprehensive look at how rabbinical courts control Israeli marriage and divorce.
|
| 546 |
|
|
|a English.
|
| 588 |
|
|
|a Description based on print version record.
|
| 650 |
|
7 |
|a Divorce
|x Law and legislation
|2 fast
|0 (OCoLC)fst00895818
|
| 650 |
|
7 |
|a Divorce (Jewish law)
|2 fast
|0 (OCoLC)fst00895871
|
| 650 |
|
7 |
|a Agunahs
|2 fast
|0 (OCoLC)fst00801919
|
| 650 |
|
7 |
|a LAW
|x Administrative Law & Regulatory Practice.
|2 bisacsh
|
| 650 |
|
6 |
|a Divorce (Droit juif)
|v Ouvrages de vulgarisation.
|
| 650 |
|
6 |
|a Agounot
|z Israël
|v Ouvrages de vulgarisation.
|
| 650 |
|
0 |
|a Divorce (Jewish law)
|v Popular works.
|
| 650 |
|
0 |
|a Agunahs
|z Israel
|v Popular works.
|
| 650 |
|
0 |
|a Jewish women
|x Legal status, laws, etc.
|z Israel
|v Popular works.
|
| 650 |
|
0 |
|a Divorce
|x Law and legislation
|z Israel
|v Popular works.
|
| 651 |
|
7 |
|a Israel
|2 fast
|0 (OCoLC)fst01204236
|
| 655 |
|
7 |
|a Popular works
|2 fast
|0 (OCoLC)fst01423846
|
| 655 |
|
7 |
|a Electronic books.
|2 local
|
| 700 |
1 |
|
|a Gross-Horowitz, Netty C.
|
| 710 |
2 |
|
|a Project Muse.
|e distributor
|
| 830 |
|
0 |
|a Book collections on Project MUSE.
|
| 856 |
4 |
0 |
|z Texto completo
|u https://projectmuse.uam.elogim.com/book/19871/
|
| 945 |
|
|
|a Project MUSE - Custom Collection
|
| 945 |
|
|
|a Project MUSE - 2012 Complete
|
| 945 |
|
|
|a Project MUSE - 2012 Global Cultural Studies
|
| 945 |
|
|
|a Project MUSE - 2012 Jewish Studies
|